000 00834naa a2200217 4500
005 20090515151136.0
008 090515t xxu||||| |||| 00| 0 eng d
010 _aENG-93531
020 _c290.00
_a8172745982
035 _aEN-77064
037 _bDBAD / PUB
040 _adpl
_bEnglish
082 _a342.54068
245 _aNabhi's handbook of vigilance:
_bprocedure & practice
260 _aNew Delhi
_bNabhi Publications
_c2006
270 _aP.O. Box No. 37,
_bNew Delhi
_e110001
300 _alviii, 692p.
_c23cm(pbk)
942 _adpl
_cEN
_2ddc
_mNAB
_h342.54068
999 _c26436
_d26436